Visualizzazione normale
Vista MARC
- Haydn Franz Joseph
di Personal Name
Records bibliografici associati: 1
001 - CONTROL NUMBER
- control field: 6044
003 - CONTROL NUMBER IDENTIFIER
- control field: IT-RoPau
005 - DATE AND TIME OF LATEST TRANSACTION
- control field: 20131218170442.0
008 - FIXED-LENGTH DATA ELEMENTS
- fixed length control field: 131218|| aca||aabn | a|a d
040 ## - CATALOGING SOURCE
- Original cataloging agency: IT-RoPau
- Transcribing agency: IT-RoPau
100 ## - HEADING--PERSONAL NAME
- Personal name: Haydn Franz Joseph
- Miscellaneous information: Codice autore musica SPICS: 5572
- Relator term: Autore musica
- Name of part/section of a work: Allegro Aus Dem Konzert Fur Trompete Und Orchester, Es-Dur
670 ## - SOURCE DATA FOUND
- Source citation: Work cat.: (IT-RoPau)103944: AA.VV. 794, Festliches Trompetenkonzert (Lp 6.22073)